| 000 | 00000nam##2200000za#4500 |
| 001 | 9.530356 |
| 003 | CaOODSP |
| 005 | 20200327071414 |
| 007 | ta |
| 008 | 150406|1998||||xxc||||| f|0| 0 eng|d |
| 020 | |a0-660-60485-X |
| 040 | |aCaOODSP|beng |
| 041 | |aeng |
| 041 | |afre |
| 043 | |an-cn--- |
| 086 | 1 |aBT31-2/1999-III-59 |
| 110 | 1 |aCanada. |bTreasury Board. |
| 245 | 10|aCanadian Intergovernmental Conference Secretariat |
| 260 | |aOttawa - Ontario : |bTreasury Board of Canada Secretariat |c1998. |
| 300 | |aEnglish text, 18p. : |borganization chart, tables ; |c28 cm. |
| 490 | 1 |a1998-99 estimates, part III: Report on plans and priorities |
| 546 | |aBilingual |
| 563 | |aSoftcover |
| 590 | |a98-14|b1998-04-03 |
| 776 | 0#|tCanadian Intergovernmental Conference Secretariat, 1998-99 estimates, report on plans and priorities |w(CaOODSP)9.567658 |
| 776 | 0#|tSecrétariat des conférences intergouvernementales canadiennes, 1998-1999 budget des dépenses, rapport sur les plans et les priorités |w(CaOODSP)9.598988 |
| 792 | |tSecrétariat des conférences intergouvernementales canadiennes |efre|w(CaOODSP)9.530357 |
| 830 | #0|a1998-99 estimates, part III: Report on plans and priorities.|w(CaOODSP)9.508960 |